| 000 | 00696nam a22002177a 4500 | ||
|---|---|---|---|
| 999 |
_c13042 _d13042 |
||
| 003 | AR-CdUCM | ||
| 008 | 190411b ||||| |||| 00| 0 spa d | ||
| 020 | _a84-02-07287-9 | ||
| 040 |
_aMUNICIPALIDAD PROVINCIAL DEL CUSCO _cBIBLIOTECA MUNICIPAL DEL CUSCO |
||
| 082 |
_aES / 373.082 / _bB74 |
||
| 100 |
_aBorges, Jorge Luis _92792 |
||
| 245 | _aEl libro de los seres imaginarios / | ||
| 260 |
_aBarcelona : _bBruguera, _bEmecé editores, _c1980. |
||
| 300 |
_a211 paginas ; _bIlustraciones, graficos, dibujos, _c18 cm. |
||
| 500 | _aLiteratura Universal | ||
| 650 |
_aLiteratura _983 |
||
| 650 |
_aHistoria _9136 |
||
| 650 |
_aEspaña _9176 |
||
| 942 |
_2ddc _cLIBROS |
||
| 945 |
_apjha _d2019-04-11 |
||